000 00787nam a22001217a 4500
040 _cVONG PHANNITH , RUA
082 _aDVM VET 2025 B707 Or.1
100 _aVETH , CHAMNABVEASNA / វ៉ិត ចំណាប់វាសនា
245 _aAntimicrobial resistance of enterococcus spp.on feline diarrhoea at veterinary clinic in sangkat toul tumpong-1 khan chamkamorn phnom penh, ករណី ENTEROCOCCUS SPP. ស៊ាំនឹងឳសថអង់ទីប៊ីយ៉ូទិកលើរាកពិឡារ នៅគ្លីនិកសត្វ ក្នុងសង្កាត់ទួលទំពួងទី១ ខណ្ឌចំការមន រាជធានីភ្នំពេញ
260 _aPHNOM PENH
_bRUA
_c2025
300 _ax,47p.
_bill.
_c29cm.
942 _cDVM
999 _c25848
_d25848